Open review of educational research

Detalles Bibliográficos
Autor Corporativo: Taylor & Francis
Formato: Electrónico Seriadas
Lenguaje:inglés
Publicado: Abingdon, Oxfordshire, UK : Taylor & Francis, 2014-
Materias:
Acceso en línea:Full text available from Research Library: 12/01/2017 to 12/31/2017

MARC

LEADER 00000nas a2200000 i 4500
001 ssj0001476707
003 WaSeSS
005 20200512172242.0
006 m d
007 cr n
008 130208c20149999enkar s 0 a0eng
010 |a  2013200532 
015 |a GBB5I2688  |2 bnb 
016 7 |a 017077080  |2 Uk 
022 |a 2326-5507 
035 |a (WaSeSS)ssj0001476707 
037 |b T&F, 4 Park Square, Milton Park, Abingdon, OX14 4RN 
040 |a DLC  |b eng  |e pn  |c DLC  |d OCLCO  |d OCLCQ  |d DLC  |d LND  |d OCLCO  |d DLC  |d OCLCF  |d OCLCO  |d CUS  |d OCLCA  |d DLC  |d AU@  |d UKMGB  |d UAB  |d VT2  |d U3W  |d COO  |d WaSeSS 
042 |a pcc  |a nsdp 
050 0 0 |a LB1028 
082 1 0 |a 370.72  |2 23 
210 0 |a Open rev. educ. res. 
222 0 |a Open review of educational research 
245 0 0 |a Open review of educational research  |h [electronic resource]. 
260 |a Abingdon, Oxfordshire, UK :  |b Taylor & Francis,  |c 2014- 
310 |a Annual 
362 1 |a Began with: Volume 1 (2014) 
506 |a License restrictions may limit access. 
588 |a Description based on: Volume 1 (2014); title from cover image (T & F website, viewed on January 27, 2015). 
588 |a Latest issue consulted: Volume 5, issue 1 (2018) (Taylor & Francis website, viewed October 15, 2018). 
650 0 |a Education  |x Research  |v Periodicals. 
650 0 |a Education  |x Research  |x Methodology  |v Periodicals. 
650 7 |a Education  |x Research.  |2 fast  |0 (OCoLC)fst00902743 
650 7 |a Education  |x Research  |x Methodology.  |2 fast  |0 (OCoLC)fst00902758 
655 0 |a Electronic journals. 
710 2 |a Taylor & Francis. 
850 |a DLC 
856 4 0 |z Full text available from Research Library: 12/01/2017 to 12/31/2017  |u https://search.proquest.com/publication/3933392